header

Introduction to adaptive lenses (Record no. 246530)

MARC details
000 -LEADER
fixed length control field 01994nam a2200361 a 4500
082 04 - DEWEY DECIMAL CLASSIFICATION NUMBER
Classification number 621.36
100 1# - MAIN ENTRY--AUTHOR NAME
Personal name Ren, Hongwen,
245 10 - TITLE STATEMENT
Title Introduction to adaptive lenses
260 ## - PUBLICATION, DISTRIBUTION, ETC. (IMPRINT)
Place of publication Hoboken, N.J. :
Name of publisher Wiley,
Year of publication 2012.
300 ## - PHYSICAL DESCRIPTION
Number of Pages x, 274 p. :
Other physical details ill.
490 1# - SERIES STATEMENT
Series statement Wiley series in pure and applied optics
520 ## - SUMMARY, ETC.
Summary, etc "This is the first book to address the fundamental operation principles, device characteristics, and potential applications of various types of adaptive lenses. Setting out from basic material properties to device structures and performance, this volume covers solid lens, membrane lens, electro-wetting lens, dielectric lens, mechanical-wetting lens, and liquid crystal lenses. Potential applications of these adaptive lenses are also investigated, including image processing and zooming, optical communications, and biomedical imaging. This is an important reference for optical engineers, research scientists, graduate students and undergraduate seniors"--
650 #0 - SUBJECT ADDED ENTRY--TOPICAL TERM
Topical Term Lenses.
Topical Term Optics, Adaptive.
700 1# - ADDED ENTRY--PERSONAL NAME
Personal name Wu, Shin-Tson.
856 40 - ELECTRONIC LOCATION AND ACCESS
Uniform Resource Identifier http://site.ebrary.com/lib/rucke/Doc?id=10542538
520 ## - SUMMARY, ETC.
-- Provided by publisher.

No items available.

© 2026 Rongo University
Contact us: librarian | system librarian | Rongo university